[Event "Turkish Club Cup 2019"]
[Site "Konya"]
[Date "2019.07.19"]
[Round "6"]
[White "Ozturk, Nil"]
[Black "Dogan, Eylem Su"]
[Result "0-1"]
[WhiteElo "1345"]
[BlackElo "1285"]
[Annotator "NA"]
[PlyCount "66"]
[EventDate "2019.07.16"]
[EventType "team-tourn"]
[EventCountry "TUR"]
[SourceTitle "playchess.com"]
[Source "ChessBase"]
[SourceQuality "1"]
[TimeControl "5400+30"]

1. e4 {[%emt 0:00:30]} c5 {[%emt 0:00:30]} 2. Nf3 {[%emt 0:00:30]} Nc6 {[%emt 0:00:30]} 3. Bb5 {[%emt 0:00:00]} Nf6 {[%emt 0:00:30]} 4. e5 {[%emt 0:02:00]} Nd5 {[%emt 0:05:30]} 5. O-O {[%emt 0:00:30]} g6 {[%emt 0:03:30]} 6. Re1 {[%emt 0:00:30]} Bg7 {[%emt 0:01:30]} 7. c3 {[%emt 0:00:30]} O-O {[%emt 0:02:30]} 8. d4 {[%emt 0:01:30]} cxd4 {[%emt 0:09:30]} 9. cxd4 {[%emt 0:00:00]} Qb6 {[%emt 0:02:30]} 10. Bc4 {[%emt 0:06:00]} Nc7 {[%emt 0:08:30]} 11. Nc3 {[%emt 0:03:30]} Qb4 {[%emt 0:09:30]} 12. Qb3 {[%emt 0:04:30]} Qxb3 {[%emt 0:01:30]} 13. Bxb3 {[%emt 0:00:30]} d6 {[%emt 0:09:30]} 14. h3 {[%emt 0:13:30]} dxe5 {[%emt 0:03:30]} 15. dxe5 {[%emt 0:02:30]} Be6 {[%emt 0:03:30]} 16. Bf4 {[%emt 0:04:30]} Bxb3 {[%emt 0:02:30]} 17. axb3 {[%emt 0:00:30]} Ne6 {[%emt 0:00:30]} 18. Bg3 {[%emt 0:00:30]} Ned4 {[%emt 0:06:30]} 19. Nxd4 {[%emt 0:00:30]} Nxd4 {[%emt 0:00:00]} 20. Rad1 {[%emt 0:01:30]} Rfd8 {[%emt 0:05:00]} 21. b4 {[%emt 0:05:30]} Rd7 {[%emt 0:04:31]} 22. e6 {[%emt 0:13:30]} fxe6 {[%emt 0:02:52]} 23. Rxe6 {[%emt 0:00:30]} Rad8 {[%emt 0:01:07]} 24. Ree1 {[%emt 0:01:30]} Kf8 {[%emt 0:08:21]} 25. Kf1 {[%emt 0:01:30]} Nc2 {[%emt 0:02:46]} 26. Rxd7 {[%emt 0:00:30]} Rxd7 {[%emt 0:00:00]} 27. Re4 {[%emt 0:01:30]} Rd4 {[%emt 0:02:38]} 28. Rxd4 {[%emt 0:02:30]} Nxd4 {[%emt 0:00:18]} 29. Bb8 {[%emt 0:00:30]} Nc6 {[%emt 0:01:04]} 30. Bf4 {[%emt 0:00:30]} Nxb4 {[%emt 0:00:23]} 31. Ke2 {[%emt 0:00:30]} Ke8 {[%emt 0:00:36]} 32. Kd2 {[%emt 0:00:30]} Kd7 {[%emt 0:00:21]} 33. b3 {[%emt 0:01:30]} Bxc3+ {[%emt 0:00:11]} 0-1

[Event "Turkish Club Cup 2019"]
[Site "Konya"]
[Date "2019.07.19"]
[Round "6"]
[White "Cankurtaran, Merve"]
[Black "Haktanirlar, Zeren"]
[Result "1-0"]
[WhiteElo "1335"]
[BlackElo "1294"]
[Annotator "NA"]
[PlyCount "109"]
[EventDate "2019.07.16"]
[EventType "team-tourn"]
[EventCountry "TUR"]
[SourceTitle "playchess.com"]
[Source "ChessBase"]
[SourceQuality "1"]
[TimeControl "5400+30"]

1. d4 {[%emt 0:00:30]} d5 {[%emt 0:00:30]} 2. Nf3 {[%emt 0:00:30]} Nf6 {[%emt 0:00:00]} 3. g3 {[%emt 0:00:00]} Bf5 {[%emt 0:01:00]} 4. Bg2 {[%emt 0:00:00]} h6 {[%emt 0:01:30]} 5. O-O {[%emt 0:01:30]} e6 {[%emt 0:00:30]} 6. c4 {[%emt 0:02:30]} c6 {[%emt 0:00:30]} 7. Qb3 {[%emt 0:04:30]} Qc8 {[%emt 0:02:30]} 8. Nc3 {[%emt 0:03:30]} Bd6 {[%emt 0:03:30]} 9. Nd2 {[%emt 0:11:30]} Nbd7 {[%emt 0:05:30]} 10. e4 {[%emt 0:02:30]} dxe4 {[%emt 0:04:30]} 11. Ndxe4 {[%emt 0:01:30]} Nxe4 {[%emt 0:02:30]} 12. Nxe4 {[%emt 0:00:30]} Bxe4 {[%emt 0:05:30]} 13. Bxe4 {[%emt 0:00:00]} Nf6 {[%emt 0:00:30]} 14. Bg2 {[%emt 0:02:00]} O-O {[%emt 0:03:30]} 15. f4 {[%emt 0:09:30]} Rd8 {[%emt 0:05:30]} 16. Qf3 {[%emt 0:04:30]} Bc7 {[%emt 0:07:30]} 17. Be3 {[%emt 0:01:30]} Bb6 {[%emt 0:02:30]} 18. Rad1 {[%emt 0:02:30]} c5 {[%emt 0:20:30]} 19. d5 {[%emt 0:14:30]} exd5 {[%emt 0:02:30]} 20. cxd5 {[%emt 0:00:30]} Rd6 {[%emt 0:03:30]} 21. Rf2 {[%emt 0:01:30]} Qd7 {[%emt 0:06:35]} 22. Rfd2 {[%emt 0:05:30]} Rd8 {[%emt 0:02:05]} 23. h3 {[%emt 0:05:30]} c4 {[%emt 0:02:37]} 24. Bxb6 {[%emt 0:02:30]} axb6 {[%emt 0:03:46]} 25. b3 {[%emt 0:01:30]} b5 {[%emt 0:00:50]} 26. b4 {[%emt 0:03:16]} Ra8 {[%emt 0:03:11]} 27. a3 {[%emt 0:00:55]} Rd8 {[%emt 0:00:51]} 28. g4 {[%emt 0:01:42]} Qc7 {[%emt 0:01:24]} 29. f5 {[%emt 0:02:41]} Ra8 {[%emt 0:02:06]} 30. Qc3 {[%emt 0:00:53]} Qb6+ {[%emt 0:01:42]} 31. Kf1 {[%emt 0:01:15]} Qa6 {[%emt 0:01:06]} 32. Ra1 {[%emt 0:00:53]} Rad8 {[%emt 0:01:32]} 33. Rad1 {[%emt 0:02:07]} Qb6 {[%emt 0:00:14]} 34. Rd4 {[%emt 0:01:14]} Kf8 {[%emt 0:00:33]} 35. a4 {[%emt 0:02:15]} Rc8 {[%emt 0:01:08]} 36. a5 {[%emt 0:00:51]} Qc7 {[%emt 0:00:24]} 37. Re1 {[%emt 0:00:55]} Qd7 {[%emt 0:00:44]} 38. Re5 {[%emt 0:01:44]} Re8 {[%emt 0:01:15]} 39. Rd2 {[%emt 0:01:53]} Rxe5 {[%emt 0:01:00]} 40. Qxe5 {[%emt 0:00:06]} Qe7 {[%emt 0:00:15]} 41. Qxe7+ {[%emt 0:01:45]} Kxe7 {[%emt 0:00:05]} 42. Ke2 {[%emt 0:00:26]} Kd7 {[%emt 0:01:17]} 43. Ke3 {[%emt 0:00:35]} Kc7 {[%emt 0:01:06]} 44. Kd4 {[%emt 0:00:53]} Rd8 {[%emt 0:01:05]} 45. Kc5 {[%emt 0:00:25]} Nd7+ {[%emt 0:01:01]} 46. Kxb5 {[%emt 0:00:20]} Ne5 {[%emt 0:00:07]} 47. Be4 {[%emt 0:02:43]} f6 {[%emt 0:00:37]} 48. Kc5 {[%emt 0:01:00]} Rd6 {[%emt 0:00:36]} 49. b5 {[%emt 0:00:16]} Kd7 {[%emt 0:00:38]} 50. Ra2 {[%emt 0:00:43]} Kc7 {[%emt 0:00:35]} 51. b6+ {[%emt 0:00:59]} Kd7 {[%emt 0:00:13]} 52. a6 {[%emt 0:00:09]} bxa6 {[%emt 0:00:08]} 53. b7 {[%emt 0:00:22]} Kc7 {[%emt 0:01:23]} 54. b8=Q+ {[%emt 0:00:40]} Kxb8 {[%emt 0:00:00]} 55. Kxd6 {[%emt 0:00:00]} 1-0

[Event "Turkish Club Cup 2019"]
[Site "Konya"]
[Date "2019.07.19"]
[Round "6"]
[White "Acar, Selen"]
[Black "Yurdakul, Didem Nuray"]
[Result "1/2-1/2"]
[WhiteElo "1283"]
[BlackElo "1779"]
[Annotator "NA"]
[PlyCount "65"]
[EventDate "2019.07.16"]
[EventType "team-tourn"]
[EventCountry "TUR"]
[SourceTitle "playchess.com"]
[Source "ChessBase"]
[SourceQuality "1"]
[TimeControl "5400+30"]

1. d4 {[%emt 0:00:30]} d5 {[%emt 0:00:30]} 2. c4 {[%emt 0:00:30]} e6 {[%emt 0:00:30]} 3. Nc3 {[%emt 0:00:30]} Nf6 {[%emt 0:00:00]} 4. Bg5 {[%emt 0:00:00]} Be7 {[%emt 0:00:00]} 5. Nf3 {[%emt 0:01:00]} O-O {[%emt 0:00:00]} 6. e3 {[%emt 0:01:30]} Nbd7 {[%emt 0:01:00]} 7. cxd5 {[%emt 0:02:30]} exd5 {[%emt 0:00:30]} 8. Be2 {[%emt 0:03:30]} c6 {[%emt 0:05:30]} 9. a4 {[%emt 0:04:30]} Re8 {[%emt 0:05:30]} 10. O-O {[%emt 0:05:30]} Nf8 {[%emt 0:04:30]} 11. h3 {[%emt 0:05:30]} Bf5 {[%emt 0:02:30]} 12. Bd3 {[%emt 0:04:30]} Bxd3 {[%emt 0:01:30]} 13. Qxd3 {[%emt 0:00:30]} Ne6 {[%emt 0:00:30]} 14. Bh4 {[%emt 0:03:30]} g6 {[%emt 0:01:30]} 15. Ne2 {[%emt 0:06:30]} Ne4 {[%emt 0:04:30]} 16. Bxe7 {[%emt 0:04:30]} Qxe7 {[%emt 0:01:30]} 17. Nh2 {[%emt 0:03:30]} Qh4 {[%emt 0:03:30]} 18. f3 {[%emt 0:07:30]} Ng3 {[%emt 0:04:30]} 19. Nxg3 {[%emt 0:00:30]} Qxg3 {[%emt 0:00:30]} 20. Ng4 {[%emt 0:01:30]} Kg7 {[%emt 0:00:30]} 21. Qd2 {[%emt 0:02:30]} Ng5 {[%emt 0:00:30]} 22. Kh1 {[%emt 0:10:30]} Re7 {[%emt 0:06:30]} 23. e4 {[%emt 0:05:30]} Qh4 {[%emt 0:14:30]} 24. e5 {[%emt 0:01:30]} h5 {[%emt 0:06:30]} 25. Nf6 {[%emt 0:03:30]} Ne6 {[%emt 0:06:30]} 26. Rad1 {[%emt 0:01:30]} Qf4 {[%emt 0:02:30]} 27. Rf2 {[%emt 0:08:54]} Qxd2 {[%emt 0:04:30]} 28. Rfxd2 {[%emt 0:00:10]} Kh6 {[%emt 0:00:30]} 29. g3 {[%emt 0:02:38]} Ng5 {[%emt 0:03:39]} 30. Kg2 {[%emt 0:00:21]} Nh7 {[%emt 0:00:21]} 31. Nxh7 {[%emt 0:00:58]} Kxh7 {[%emt 0:00:00]} 32. f4 {[%emt 0:02:35]} Kg7 {[%emt 0:01:00]} 33. g4 {[%emt 0:00:46]} 1/2-1/2

[Event "Turkish Club Cup 2019"]
[Site "Konya"]
[Date "2019.07.20"]
[Round "7"]
[White "Mollaoglu, Ergin"]
[Black "Aslan, Onat Ugur"]
[Result "1-0"]
[WhiteElo "2309"]
[BlackElo "1747"]
[Annotator "NA"]
[PlyCount "85"]
[EventDate "2019.07.16"]
[EventType "team-tourn"]
[EventCountry "TUR"]
[SourceTitle "playchess.com"]
[Source "ChessBase"]
[SourceQuality "1"]
[TimeControl "5400+30"]

1. d4 {[%emt 0:00:30]} Nf6 {[%emt 0:00:30]} 2. Nf3 {[%emt 0:00:00]} e6 {[%emt 0:00:30]} 3. c4 {[%emt 0:00:00]} b6 {[%emt 0:00:30]} 4. g3 {[%emt 0:00:30]} Bb7 {[%emt 0:00:30]} 5. Bg2 {[%emt 0:00:00]} Bb4+ {[%emt 0:07:30]} 6. Nbd2 {[%emt 0:01:00]} O-O {[%emt 0:01:30]} 7. O-O {[%emt 0:00:00]} d5 {[%emt 0:04:30]} 8. Ne5 {[%emt 0:02:00]} Bxd2 {[%emt 0:02:30]} 9. Bxd2 {[%emt 0:08:30]} Ne4 {[%emt 0:02:30]} 10. Be3 {[%emt 0:01:30]} Nd7 {[%emt 0:05:30]} 11. Qc2 {[%emt 0:01:30]} Nxe5 {[%emt 0:21:30]} 12. dxe5 {[%emt 0:04:30]} Qe7 {[%emt 0:01:30]} 13. Rac1 {[%emt 0:00:30]} Rfd8 {[%emt 0:18:30]} 14. cxd5 {[%emt 0:15:30]} exd5 {[%emt 0:00:30]} 15. f3 {[%emt 0:00:30]} Nc5 {[%emt 0:03:30]} 16. Bxc5 {[%emt 0:13:30]} bxc5 {[%emt 0:00:00]} 17. Qxc5 {[%emt 0:00:30]} Qxe5 {[%emt 0:00:00]} 18. e3 {[%emt 0:02:30]} Re8 {[%emt 0:05:30]} 19. Rfe1 {[%emt 0:00:30]} c6 {[%emt 0:02:30]} 20. b3 {[%emt 0:03:30]} Re6 {[%emt 0:07:22]} 21. f4 {[%emt 0:05:30]} Qh5 {[%emt 0:03:27]} 22. e4 {[%emt 0:03:30]} Rh6 {[%emt 0:01:56]} 23. exd5 {[%emt 0:00:30]} Qxh2+ {[%emt 0:00:12]} 24. Kf2 {[%emt 0:00:30]} Rg6 {[%emt 0:00:14]} 25. Qe3 {[%emt 0:00:30]} h5 {[%emt 0:06:54]} 26. Rh1 {[%emt 0:00:00]} Qxh1 {[%emt 0:02:42]} 27. Bxh1 {[%emt 0:02:00]} cxd5 {[%emt 0:00:08]} 28. Qe7 {[%emt 0:00:30]} Bc6 {[%emt 0:01:03]} 29. Qc7 {[%emt 0:00:30]} Bb5 {[%emt 0:00:31]} 30. Bxd5 {[%emt 0:00:30]} Rf8 {[%emt 0:00:28]} 31. Qxa7 {[%emt 0:01:30]} Rf6 {[%emt 0:00:31]} 32. a4 {[%emt 0:02:30]} Bd3 {[%emt 0:00:30]} 33. Qd4 {[%emt 0:00:30]} Bh7 {[%emt 0:00:29]} 34. Rc6 {[%emt 0:00:30]} Rf5 {[%emt 0:00:32]} 35. Be4 {[%emt 0:00:30]} Ra5 {[%emt 0:00:27]} 36. Bxh7+ {[%emt 0:01:30]} Kxh7 {[%emt 0:00:01]} 37. Rc5 {[%emt 0:00:00]} Raa8 {[%emt 0:00:24]} 38. Rxh5+ {[%emt 0:00:00]} Kg8 {[%emt 0:00:05]} 39. Rg5 {[%emt 0:02:30]} g6 {[%emt 0:00:07]} 40. a5 {[%emt 0:00:00]} Rfc8 {[%emt 0:00:47]} 41. Rc5 {[%emt 0:00:00]} Rd8 {[%emt 0:00:49]} 42. Rd5 {[%emt 0:00:30]} Rdc8 {[%emt 0:00:00]} 43. b4 {[%emt 0:00:00]} 1-0

[Event "Turkish Club Cup 2019"]
[Site "Konya"]
[Date "2019.07.20"]
[Round "7"]
[White "Kinsiz, Onur"]
[Black "Taskiran, Recep"]
[Result "1/2-1/2"]
[WhiteElo "2210"]
[BlackElo "1898"]
[Annotator "ChessBase"]
[PlyCount "77"]
[EventDate "2019.07.16"]
[EventType "team-tourn"]
[EventCountry "TUR"]
[SourceTitle "playchess.com"]
[Source "ChessBase"]
[SourceQuality "1"]
[TimeControl "5400+30"]

1. e4 {[%emt 0:00:30]} c5 {[%emt 0:00:30]} 2. Nf3 {[%emt 0:00:30]} d6 {[%emt 0:00:00]} 3. Bb5+ {[%emt 0:00:30]} Nd7 {[%emt 0:00:00]} 4. c3 {[%emt 0:00:30]} a6 {[%emt 0:00:30]} 5. Ba4 {[%emt 0:00:30]} Ngf6 {[%emt 0:01:30]} 6. Qe2 {[%emt 0:06:30]} b5 {[%emt 0:02:30]} 7. Bc2 {[%emt 0:00:30]} Ne5 {[%emt 0:06:30]} 8. d3 {[%emt 0:12:30]} Nxf3+ {[%emt 0:10:30]} 9. Qxf3 {[%emt 0:01:30]} e5 {[%emt 0:04:30]} 10. Nd2 {[%emt 0:04:30]} Be7 {[%emt 0:05:30]} 11. h3 {[%emt 0:12:30]} O-O {[%emt 0:00:30]} 12. Nf1 {[%emt 0:00:30]} d5 {[%emt 0:05:30]} 13. Ng3 {[%emt 0:06:30]} g6 {[%emt 0:09:30]} 14. O-O {[%emt 0:03:30]} d4 {[%emt 0:05:30]} 15. Bb3 {[%emt 0:14:30]} Ne8 {[%emt 0:05:30]} 16. Bd5 {[%emt 0:04:30]} Rb8 {[%emt 0:03:30]} 17. cxd4 {[%emt 0:00:30]} cxd4 {[%emt 0:00:30]} 18. Bh6 {[%emt 0:02:30]} Ng7 {[%emt 0:00:30]} 19. Rfc1 {[%emt 0:03:30]} Bg5 {[%emt 0:03:30]} 20. Bxg5 {[%emt 0:08:26]} Qxg5 {[%emt 0:00:00]} 21. Rc6 {[%emt 0:01:04]} a5 {[%emt 0:10:00]} 22. Rac1 {[%emt 0:01:54]} Bd7 {[%emt 0:06:55]} 23. R6c2 {[%emt 0:06:34]} h5 {[%emt 0:01:13]} 24. Ne2 {[%emt 0:01:37]} h4 {[%emt 0:00:22]} 25. Kh2 {[%emt 0:01:59]} Ne6 {[%emt 0:02:27]} 26. Qg4 {[%emt 0:02:16]} Qh6 {[%emt 0:05:08]} 27. Ng1 {[%emt 0:00:56]} Qf4+ {[%emt 0:06:19]} 28. g3 {[%emt 0:00:07]} Qf6 {[%emt 0:02:15]} 29. Qf3 {[%emt 0:01:07]} Qe7 {[%emt 0:00:20]} 30. Qe2 {[%emt 0:00:27]} Kg7 {[%emt 0:00:16]} 31. Nf3 {[%emt 0:00:55]} hxg3+ {[%emt 0:00:29]} 32. fxg3 {[%emt 0:00:01]} Rh8 {[%emt 0:00:35]} 33. h4 {[%emt 0:00:27]} Rh5 {[%emt 0:02:13]} 34. Kg1 {[%emt 0:00:31]} Rbh8 {[%emt 0:00:27]} 35. Qf2 {[%emt 0:01:00]} Qf6 {[%emt 0:01:08]} 36. Rf1 {[%emt 0:01:09]} Qe7 {[%emt 0:00:28]} 37. Rfc1 {[%emt 0:01:13]} Qf6 {[%emt 0:00:05]} 38. Rf1 {[%emt 0:00:08]} Qe7 {[%emt 0:00:00]} 39. Rfc1 {[%emt 0:00:00]} 1/2-1/2

[Event "Turkish Club Cup 2019"]
[Site "Konya"]
[Date "2019.07.20"]
[Round "7"]
[White "Ersahin, Bulent"]
[Black "Esen, Nejdet"]
[Result "1-0"]
[WhiteElo "2179"]
[BlackElo "1918"]
[Annotator "NA"]
[PlyCount "83"]
[EventDate "2019.07.16"]
[EventType "team-tourn"]
[EventCountry "TUR"]
[SourceTitle "playchess.com"]
[Source "ChessBase"]
[SourceQuality "1"]
[TimeControl "5400+30"]

1. Nf3 {[%emt 0:00:30]} Nf6 {[%emt 0:00:30]} 2. g3 {[%emt 0:00:30]} g6 {[%emt 0:00:30]} 3. Bg2 {[%emt 0:00:00]} Bg7 {[%emt 0:00:00]} 4. O-O {[%emt 0:00:00]} O-O {[%emt 0:00:00]} 5. c4 {[%emt 0:00:00]} d6 {[%emt 0:00:00]} 6. d4 {[%emt 0:00:00]} c6 {[%emt 0:00:00]} 7. Nc3 {[%emt 0:01:30]} Qa5 {[%emt 0:00:00]} 8. d5 {[%emt 0:01:30]} cxd5 {[%emt 0:01:00]} 9. cxd5 {[%emt 0:00:30]} Bd7 {[%emt 0:00:30]} 10. a3 {[%emt 0:04:30]} Na6 {[%emt 0:00:30]} 11. Be3 {[%emt 0:00:30]} Rfc8 {[%emt 0:00:30]} 12. h3 {[%emt 0:04:30]} Qd8 {[%emt 0:02:30]} 13. Nd4 {[%emt 0:04:30]} Be8 {[%emt 0:01:30]} 14. Ndb5 {[%emt 0:07:30]} Nc5 {[%emt 0:01:30]} 15. Rc1 {[%emt 0:02:30]} a5 {[%emt 0:05:30]} 16. b4 {[%emt 0:02:30]} axb4 {[%emt 0:05:30]} 17. axb4 {[%emt 0:06:30]} Na4 {[%emt 0:01:30]} 18. Nxa4 {[%emt 0:01:30]} Rxc1 {[%emt 0:00:00]} 19. Bxc1 {[%emt 0:02:30]} Bxb5 {[%emt 0:01:00]} 20. Nc3 {[%emt 0:00:30]} Bc4 {[%emt 0:00:30]} 21. Be3 {[%emt 0:01:30]} b5 {[%emt 0:02:30]} 22. Qd2 {[%emt 0:01:30]} Ra3 {[%emt 0:00:30]} 23. Bd4 {[%emt 0:01:30]} Qa8 {[%emt 0:01:30]} 24. Rd1 {[%emt 0:00:30]} Rb3 {[%emt 0:04:30]} 25. e4 {[%emt 0:01:30]} Qa3 {[%emt 0:02:30]} 26. e5 {[%emt 0:06:30]} dxe5 {[%emt 0:05:30]} 27. Bxe5 {[%emt 0:01:30]} Ne4 {[%emt 0:00:30]} 28. Nxe4 {[%emt 0:01:30]} Bxe5 {[%emt 0:00:30]} 29. Qg5 {[%emt 0:06:30]} f6 {[%emt 0:05:30]} 30. Qg4 {[%emt 0:00:30]} Rd3 {[%emt 0:13:30]} 31. Qe6+ {[%emt 0:04:30]} Kf8 {[%emt 0:00:30]} 32. Rxd3 {[%emt 0:00:30]} Bxd3 {[%emt 0:01:30]} 33. d6 {[%emt 0:05:30]} exd6 {[%emt 0:24:30]} 34. Nxd6 {[%emt 0:03:30]} Bc4 {[%emt 0:06:47]} 35. Qe8+ {[%emt 0:03:30]} Kg7 {[%emt 0:00:10]} 36. Qe7+ {[%emt 0:01:30]} Kg8 {[%emt 0:06:17]} 37. Qd8+ {[%emt 0:04:30]} Kg7 {[%emt 0:00:13]} 38. Qd7+ {[%emt 0:00:30]} Kh6 {[%emt 0:02:26]} 39. Ne8 {[%emt 0:00:47]} Qc1+ {[%emt 0:01:40]} 40. Kh2 {[%emt 0:00:13]} f5 {[%emt 0:00:31]} 41. Qe7 {[%emt 0:00:30]} Qc3 {[%emt 0:01:05]} 42. Qh4# {[%emt 0:00:30]} 1-0

[Event "Turkish Club Cup 2019"]
[Site "Konya"]
[Date "2019.07.20"]
[Round "7"]
[White "Guven, Oguz Kagan"]
[Black "Sahinoglu, Hakan"]
[Result "1-0"]
[WhiteElo "2142"]
[BlackElo "1844"]
[Annotator "ChessBase"]
[PlyCount "117"]
[EventDate "2019.07.16"]
[EventType "team-tourn"]
[EventCountry "TUR"]
[SourceTitle "playchess.com"]
[Source "ChessBase"]
[SourceQuality "1"]
[TimeControl "5400+30"]

1. Nf3 d5 2. g3 Nf6 3. Bg2 e6 4. O-O Bd6 5. c4 c6 6. b3 O-O 7. Bb2 Nbd7 8. Nc3 Re8 9. d3 Qe7 10. a3 a5 11. e4 dxe4 12. dxe4 e5 13. Qc2 Nc5 14. h3 Be6 15. Nh4 g6 16. Rfe1 a4 17. Nxa4 Nxa4 18. bxa4 {[%emt 0:11:00]} Bc5 {[%emt 0:43:00]} 19. Bxe5 {[%emt 0:00:30]} Bxc4 {[%emt 0:00:30]} 20. Bb2 {[%emt 0:18:30]} b5 {[%emt 0:11:30]} 21. axb5 {[%emt 0:01:30]} cxb5 {[%emt 0:00:30]} 22. e5 {[%emt 0:28:30]} Nd5 {[%emt 0:07:30]} 23. e6 {[%emt 0:01:30]} Rac8 {[%emt 0:01:30]} 24. Rad1 {[%emt 0:17:30]} fxe6 {[%emt 0:10:30]} 25. Rxd5 {[%emt 0:04:32]} Bxd5 {[%emt 0:02:30]} 26. Bxd5 {[%emt 0:00:13]} Qd6 {[%emt 0:01:30]} 27. Bg2 {[%emt 0:04:25]} Qxg3 {[%emt 0:02:30]} 28. Qxc5 {[%emt 0:00:58]} Qxg2+ {[%emt 0:00:30]} 29. Kxg2 {[%emt 0:00:44]} Rxc5 {[%emt 0:00:00]} 30. Nf3 {[%emt 0:00:31]} Kf7 {[%emt 0:06:57]} 31. Re3 {[%emt 0:02:42]} g5 {[%emt 0:09:20]} 32. Ne5+ {[%emt 0:00:17]} Ke7 {[%emt 0:02:24]} 33. Rf3 {[%emt 0:00:07]} Kd6 {[%emt 0:01:27]} 34. Nf7+ {[%emt 0:03:06]} Kd5 {[%emt 0:01:16]} 35. Nxg5 {[%emt 0:04:03]} Rg8 {[%emt 0:01:14]} 36. Rg3 {[%emt 0:00:30]} h6 {[%emt 0:00:00]} 37. Nf3 {[%emt 0:00:14]} Rxg3+ {[%emt 0:00:09]} 38. Kxg3 {[%emt 0:00:00]} Rc2 {[%emt 0:00:20]} 39. Bg7 {[%emt 0:00:00]} h5 {[%emt 0:00:00]} 40. Ng5 {[%emt 0:02:10]} e5 {[%emt 0:01:05]} 41. f3 {[%emt 0:00:01]} Rc8 {[%emt 0:01:55]} 42. Bf6 {[%emt 0:01:23]} Rc7 {[%emt 0:00:40]} 43. Ne4 {[%emt 0:00:42]} Ke6 {[%emt 0:01:25]} 44. Bg5 {[%emt 0:00:14]} Ra7 {[%emt 0:01:08]} 45. Bc1 {[%emt 0:00:03]} Rc7 {[%emt 0:00:45]} 46. Bd2 {[%emt 0:00:14]} Ra7 {[%emt 0:00:00]} 47. Bb4 {[%emt 0:00:24]} Kf5 {[%emt 0:01:20]} 48. Nd6+ {[%emt 0:00:10]} Kg5 {[%emt 0:00:14]} 49. h4+ {[%emt 0:00:08]} Kf6 {[%emt 0:00:14]} 50. Nxb5 {[%emt 0:00:02]} Rd7 {[%emt 0:00:24]} 51. Nc3 {[%emt 0:00:30]} Rd4 {[%emt 0:00:21]} 52. Ne4+ {[%emt 0:00:22]} Kf5 {[%emt 0:00:12]} 53. Bc5 {[%emt 0:00:31]} Ra4 {[%emt 0:00:41]} 54. Bb4 {[%emt 0:00:06]} Ra8 {[%emt 0:00:00]} 55. Kf2 {[%emt 0:00:39]} Kf4 {[%emt 0:01:13]} 56. Nd6 {[%emt 0:00:17]} e4 {[%emt 0:00:51]} 57. Nxe4 {[%emt 0:00:06]} Rc8 {[%emt 0:00:18]} 58. Bd2+ {[%emt 0:00:30]} Kf5 {[%emt 0:00:30]} 59. Nd6+ {[%emt 0:00:00]} 1-0

[Event "Turkish Club Cup 2019"]
[Site "Konya"]
[Date "2019.07.20"]
[Round "7"]
[White "Gulden, Egemen"]
[Black "Koc, Bugra Ege"]
[Result "1-0"]
[WhiteElo "2135"]
[BlackElo "1493"]
[Annotator "ChessBase"]
[PlyCount "96"]
[EventDate "2019.07.16"]
[EventType "team-tourn"]
[EventCountry "TUR"]
[SourceTitle "playchess.com"]
[Source "ChessBase"]
[SourceQuality "1"]
[TimeControl "5400+30"]

1. e4 d5 2. Nc3 c6 3. d4 dxe4 4. Nxe4 Bf5 5. Ng3 Bg6 6. Nf3 Nd7 7. Bc4 e6 8. O-O Ngf6 9. Qe2 Be7 10. Ne5 {[%emt 0:24:00]} Nxe5 {[%emt 0:36:00]} 11. dxe5 {[%emt 0:00:30]} Nd5 {[%emt 0:01:30]} 12. a3 {[%emt 0:06:30]} Qc7 {[%emt 0:10:30]} 13. Ba2 {[%emt 0:01:30]} O-O {[%emt 0:05:30]} 14. c4 {[%emt 0:06:30]} Nb6 {[%emt 0:01:30]} 15. f4 {[%emt 0:00:30]} Rfe8 {[%emt 0:05:30]} 16. Bb1 {[%emt 0:05:30]} Bxb1 {[%emt 0:08:30]} 17. Rxb1 {[%emt 0:00:30]} Rad8 {[%emt 0:04:30]} 18. Be3 {[%emt 0:06:30]} Nd7 {[%emt 0:01:30]} 19. Ne4 {[%emt 0:02:30]} b6 {[%emt 0:10:26]} 20. b4 {[%emt 0:06:30]} c5 {[%emt 0:05:52]} 21. b5 {[%emt 0:00:30]} Nf8 {[%emt 0:02:49]} 22. Bd2 {[%emt 0:00:30]} Ng6 {[%emt 0:00:01]} 23. Bc3 {[%emt 0:01:30]} Nh4 {[%emt 0:02:44]} 24. g4 {[%emt 0:03:30]} Qb7 {[%emt 0:01:04]} 25. Rb3 {[%emt 0:02:30]} a6 {[%emt 0:01:04]} 26. a4 {[%emt 0:00:30]} axb5 {[%emt 0:01:02]} 27. axb5 {[%emt 0:00:30]} h5 {[%emt 0:00:08]} 28. h3 {[%emt 0:00:30]} hxg4 {[%emt 0:00:32]} 29. hxg4 {[%emt 0:00:30]} Qa8 {[%emt 0:00:55]} 30. Be1 {[%emt 0:02:30]} Rd4 {[%emt 0:01:10]} 31. Re3 {[%emt 0:00:00]} Qa4 {[%emt 0:00:23]} 32. Bc3 {[%emt 0:06:00]} Qxc4 {[%emt 0:00:51]} 33. Bxd4 {[%emt 0:01:30]} Qxd4 {[%emt 0:00:01]} 34. Rd1 {[%emt 0:06:23]} Qa4 {[%emt 0:00:14]} 35. Nd6 {[%emt 0:01:28]} Ra8 {[%emt 0:00:57]} 36. Re4 {[%emt 0:02:58]} Qb3 {[%emt 0:00:32]} 37. Qd3 {[%emt 0:01:17]} Qb2 {[%emt 0:00:59]} 38. Re2 {[%emt 0:00:11]} Qb4 {[%emt 0:00:00]} 39. Qe4 {[%emt 0:00:58]} Qa3 {[%emt 0:00:48]} 40. Rd3 {[%emt 0:07:04]} Qa1+ {[%emt 0:00:39]} 41. Re1 {[%emt 0:01:18]} Qa2 {[%emt 0:00:01]} 42. Qe2 {[%emt 0:00:01]} Qa4 {[%emt 0:00:23]} 43. Rf1 {[%emt 0:00:20]} Qb4 {[%emt 0:01:34]} 44. Qe4 {[%emt 0:04:46]} Qa5 {[%emt 0:00:30]} 45. Qc4 {[%emt 0:00:00]} g6 {[%emt 0:00:51]} 46. f5 {[%emt 0:00:40]} gxf5 {[%emt 0:00:44]} 47. gxf5 {[%emt 0:00:12]} Kh7 {[%emt 0:00:31]} 48. Rg3 {[%emt 0:01:45]} Rg8 {[%emt 0:01:15]} 1-0